[Event "Kiev Malakhatko Memorial"]
[Site "Kiev"]
[Date "2023.07.15"]
[Round "1"]
[White "Andreev, Eduard"]
[Black "Andriienko, Artom"]
[Result "1-0"]
[WhiteElo "2414"]
[BlackElo "1848"]
[PlyCount "56"]
[EventDate "2023.07.15"]
[EventType "tourn (blitz)"]
[EventRounds "15"]
[EventCountry "UKR"]
[SourceTitle "CBM 215 Extra"]
[Source "ChessBase"]
[SourceDate "2023.09.30"]
[SourceVersion "1"]
[SourceVersionDate "2023.09.30"]
[SourceQuality "1"]

1. e4 c5 2. Nf3 d6 3. d4 cxd4 4. Nxd4 Nf6 5. Nc3 a6 6. f3 e5 7. Nb3 Be6 8. Be3 Nbd7 9. Qd2 Rc8 10. g4 h6 11. 0-0-0 b5 12. Kb1 Nb6 13. Qf2 Na4 14. Nd5 Bxd5 15. exd5 g6 16. h4 Bg7 17. Qd2 e4 18. Be2 exf3 19. Bxf3 Nxb2 20. Nd4 Nc4 21. Qe2 0-0 22. Bc1 Re8 23. Qd3 Qa5 24. Nc6 Qb6 25. g5 hxg5 26. hxg5 Nd7 27. Bg4 Nc5 28. Qh3 Na4 1-0

[Event "Kiev Malakhatko Memorial"]
[Site "Kiev"]
[Date "2023.07.15"]
[Round "9"]
[White "Andreev, Eduard"]
[Black "Dankulinets, Yulia"]
[Result "1-0"]
[WhiteElo "2414"]
[BlackElo "1603"]
[PlyCount "45"]
[EventDate "2023.07.15"]
[EventType "tourn (blitz)"]
[EventRounds "15"]
[EventCountry "UKR"]
[SourceTitle "CBM 215 Extra"]
[Source "ChessBase"]
[SourceDate "2023.09.30"]
[SourceVersion "1"]
[SourceVersionDate "2023.09.30"]
[SourceQuality "1"]

1. e4 c5 2. Nf3 d6 3. d4 cxd4 4. Nxd4 Nf6 5. Nc3 g6 6. Be3 Bg7 7. f3 0-0 8. Qd2 Nc6 9. 0-0-0 Bd7 10. g4 Rc8 11. Kb1 Ne5 12. h4 Nc4 13. Bxc4 Rxc4 14. h5 a5 15. hxg6 fxg6 16. Nd5 Nxd5 17. exd5 Bxd4 18. Bxd4 Rxf3 19. Qh6 Rf7 20. Qxg6+ Kf8 21. Rxh7 Rxh7 22. Rf1+ Rf7 23. Qxf7# 1-0

[Event "Kiev Malakhatko Memorial"]
[Site "Kiev"]
[Date "2023.07.15"]
[Round "3"]
[White "Andreev, Eduard"]
[Black "Redko, Alyona"]
[Result "1-0"]
[WhiteElo "2414"]
[BlackElo "2112"]
[PlyCount "47"]
[EventDate "2023.07.15"]
[EventType "tourn (blitz)"]
[EventRounds "15"]
[EventCountry "UKR"]
[SourceTitle "CBM 215 Extra"]
[Source "ChessBase"]
[SourceDate "2023.09.30"]
[SourceVersion "1"]
[SourceVersionDate "2023.09.30"]
[SourceQuality "1"]

1. e4 e5 2. Nf3 Nf6 3. d4 Nxe4 4. Bd3 d5 5. dxe5 Be7 6. 0-0 0-0 7. Nc3 Nxc3 8. bxc3 h6 9. h3 Nd7 10. Re1 Nc5 11. Bf1 c6 12. Nd4 Ne4 13. Qf3 Bh4 14. g3 Bg5 15. Bg2 Re8 16. c4 Rxe5 17. cxd5 cxd5 18. c4 Qf6 19. Bxg5 Rxg5 20. Qxf6 Nxf6 21. cxd5 Nxd5 22. h4 Rg6 23. Re8+ Kh7 24. Bxd5 1-0

[Event "Kiev GP Anfield final"]
[Site "Kiev"]
[Date "2023.04.01"]
[Round "5"]
[White "Pyrig, Roman"]
[Black "Andreev, Eduard"]
[Result "0-1"]
[WhiteElo "2072"]
[BlackElo "2413"]
[PlyCount "111"]
[EventDate "2023.04.01"]
[EventType "swiss (rapid)"]
[EventRounds "11"]
[EventCountry "UKR"]
[SourceTitle "CBM 213 Extra"]
[Source "ChessBase"]
[SourceDate "2023.05.31"]
[SourceVersion "1"]
[SourceVersionDate "2023.05.31"]
[SourceQuality "1"]

1. e4 e6 2. d3 d5 3. Nd2 Nf6 4. Ngf3 c5 5. g3 Nc6 6. Bg2 g6 7. 0-0 Bg7 8. Re1 0-0 9. e5 Nd7 10. Nb3 h6 11. h4 a5 12. Bf4 a4 13. Nbd2 f6 14. exf6 Qxf6 15. Nf1 a3 16. b3 Qxa1 17. Qxa1 Bxa1 18. Rxa1 Kg7 19. c3 e5 20. Bd2 Nf6 21. Re1 Re8 22. c4 d4 23. Rd1 Bf5 24. Ne1 e4 25. dxe4 Nxe4 26. Bxe4 Rxe4 27. Nd3 b6 28. Nf4 Bg4 29. Rc1 Ne5 30. Nd5 Re2 31. Bf4 Nd3 32. Ra1 Nxf4 33. Nxf4 Rb2 34. Nh2 Bf5 35. Nd5 Rb1+ 36. Rxb1 Bxb1 37. Nxb6 Ra6 38. Nd7 Bxa2 39. Nxc5 Ra8 40. Ne6+ Kf7 41. Nxd4 Bb1 42. b4 a2 43. Nb3 a1Q 44. Nxa1 Rxa1 45. Kg2 Be4+ 46. f3 Ra2+ 47. Kh3 Bd3 48. c5 Rb2 49. g4 Rxb4 50. Kg3 Rc4 51. f4 Rxc5 52. Nf3 Be4 53. Ne5+ Kg7 54. h5 gxh5 55. gxh5 Bf5 56. Nf3 0-1

[Event "Kyiv Spring op"]
[Site "Kiev"]
[Date "2023.03.29"]
[Round "7"]
[White "Andreev, Eduard"]
[Black "Maliutin, Oleksandr"]
[Result "1-0"]
[WhiteElo "2413"]
[BlackElo "2232"]
[PlyCount "143"]
[EventDate "2023.03.25"]
[EventType "swiss"]
[EventRounds "9"]
[EventCountry "UKR"]
[SourceTitle "CBM 213 Extra"]
[Source "ChessBase"]
[SourceDate "2023.05.31"]
[SourceVersion "1"]
[SourceVersionDate "2023.05.31"]
[SourceQuality "1"]

1. e4 c5 2. Nf3 d6 3. d4 cxd4 4. Nxd4 Nf6 5. Nc3 a6 6. f3 e5 7. Nb3 Be6 8. Be3 Nbd7 9. Qd2 Qc7 10. g4 Nb6 11. 0-0-0 Rc8 12. Kb1 Be7 13. Qf2 Nfd7 14. h4 0-0 15. g5 Nc4 16. Bxc4 Qxc4 17. Nd5 Bxd5 18. Rxd5 f5 19. Qg2 Rf7 20. Rd3 Qe6 21. h5 fxe4 22. fxe4 Rcf8 23. g6 Rf6 24. gxh7+ Kxh7 25. Rg1 Qf7 26. Bc1 Rf2 27. Qh3 Nf6 28. Rdg3 Ne8 29. Rg6 Rf1 30. Rxf1 Qxf1 31. Qd7 Bh4 32. Qg4 Rf4 33. Qd7 Rf8 34. Rg4 Bf6 35. h6 Qd1 36. Nd2 Kg8 37. Nc4 g5 38. Ne3 Qh1 39. Nf5 Kh8 40. a3 Qh5 41. Rg1 Qf7 42. Qxf7 Rxf7 43. Bxg5 Rd7 44. c4 Kh7 45. Bc1 b5 46. cxb5 axb5 47. Rd1 Be7 48. Rf1 Bd8 49. Rd1 Bc7 50. Bg5 Kg6 51. Rg1 Kh7 52. Rd1 Kg6 53. Bh4 d5 54. Rxd5 Rxd5 55. exd5 e4 56. Bg3 Bxg3 57. Nxg3 Nd6 58. Kc2 Kxh6 59. Kd2 Kg5 60. Ke3 Nc4+ 61. Kxe4 Kf6 62. Kd4 Nxb2 63. Ne4+ Ke7 64. Nc3 Kd7 65. Nxb5 Na4 66. Nc3 Nb6 67. Kc5 Nc8 68. Nb5 Ne7 69. a4 Nf5 70. a5 Ng7 71. a6 Kc8 72. Kb6 1-0

[Event "Titled Tuesday intern op 21st Feb Early"]
[Site "Chess.com INT"]
[Date "2023.02.21"]
[Round "10"]
[White "Korchmar, Vasiliy"]
[Black "Andreev, Eduard"]
[Result "1-0"]
[WhiteElo "2438"]
[BlackElo "2413"]
[PlyCount "59"]
[EventDate "2023.02.21"]
[EventType "swiss (blitz)"]
[EventRounds "11"]
[EventCountry "USA"]
[SourceTitle "CBM 212 Extra"]
[Source "ChessBase"]
[SourceDate "2023.03.31"]
[SourceVersion "1"]
[SourceVersionDate "2023.03.31"]
[SourceQuality "1"]

1. e4 c5 2. Nf3 d6 3. d4 cxd4 4. Nxd4 Nf6 5. Nc3 a6 6. Be2 e5 7. Nb3 Be7 8. 0-0 Be6 9. Be3 0-0 10. Nd5 Nxd5 11. exd5 Bf5 12. a4 Nd7 13. a5 Rc8 14. c4 Bg6 15. Qd2 f5 16. f4 Bf6 17. Kh1 Qe8 18. Rae1 Bh5 19. Bxh5 Qxh5 20. Qb4 exf4 21. Bxf4 Ne5 22. Qxd6 Nd3 23. Re3 Nxb2 24. c5 Nc4 25. Qe6+ Kh8 26. Rh3 Qg4 27. d6 Ne5 28. Bxe5 Qe2 29. Qxf5 Qxe5 30. Qxh7# 1-0

[Event "Titled Tuesday intern op 17th Jan Late"]
[Site "Chess.com INT"]
[Date "2023.01.17"]
[Round "2"]
[White "Andreev, Eduard"]
[Black "Sadhwani, Raunak"]
[Result "0-1"]
[WhiteElo "2413"]
[BlackElo "2627"]
[PlyCount "110"]
[EventDate "2023.01.17"]
[EventType "swiss (blitz)"]
[EventRounds "11"]
[EventCountry "USA"]
[SourceTitle "CBM 212 Extra"]
[Source "ChessBase"]
[SourceDate "2023.03.31"]
[SourceVersion "1"]
[SourceVersionDate "2023.03.31"]
[SourceQuality "1"]

1. e4 g6 2. d4 Bg7 3. Nc3 d6 4. Nf3 Nf6 5. Bc4 Nc6 6. h3 0-0 7. Be3 a6 8. a4 Nb4 9. Bb3 b6 10. e5 Nd7 11. e6 fxe6 12. Bxe6+ Kh8 13. Ng5 Nf6 14. Nf7+ Rxf7 15. Bxf7 e6 16. d5 Nbxd5 17. Nxd5 Nxd5 18. Qf3 Bxb2 19. Rd1 Bc3+ 20. Kf1 Qf6 21. Qxf6+ Bxf6 22. Be8 Bb7 23. Bd7 Nxe3+ 24. fxe3 Bd5 25. e4 Bxe4 26. Bxe6 Bxc2 27. Rc1 Bd3+ 28. Kg1 c5 29. Bd5 Rf8 30. h4 b5 31. axb5 axb5 32. Rh3 c4 33. h5 gxh5 34. Rxh5 Bd4+ 35. Kh2 Be5+ 36. Kg1 c3 37. Rh3 Bd4+ 38. Kh1 Rf1+ 39. Rxf1 Bxf1 40. Be4 Kg7 41. Rxh7+ Kf6 42. Rb7 Ke5 43. Bc2 Bc4 44. Kh2 Kf4 45. g3+ Ke3 46. g4 Kd2 47. Bf5 Be5+ 48. Kh3 c2 49. Bxc2 Kxc2 50. g5 Kc3 51. Kg4 b4 52. Kf5 b3 53. g6 b2 54. Rxb2 Kxb2 55. Kg5 Bg7 0-1

[Event "Titled Tuesday intern op 17th Jan Late"]
[Site "Chess.com INT"]
[Date "2023.01.17"]
[Round "6"]
[White "Andreev, Eduard"]
[Black "Sanchez, Roberto Daniel"]
[Result "1/2-1/2"]
[WhiteElo "2413"]
[BlackElo "1971"]
[PlyCount "222"]
[EventDate "2023.01.17"]
[EventType "swiss (blitz)"]
[EventRounds "11"]
[EventCountry "USA"]
[SourceTitle "CBM 212 Extra"]
[Source "ChessBase"]
[SourceDate "2023.03.31"]
[SourceVersion "1"]
[SourceVersionDate "2023.03.31"]
[SourceQuality "1"]

1. e4 e6 2. d3 c5 3. Nd2 Nc6 4. Ngf3 g6 5. g3 Bg7 6. Bg2 Nge7 7. 0-0 0-0 8. Re1 d6 9. a4 e5 10. Nc4 h6 11. Be3 f5 12. Qc1 Kh7 13. h4 Be6 14. h5 f4 15. gxf4 exf4 16. Bxf4 Bxc4 17. dxc4 g5 18. Bxg5 hxg5 19. Nxg5+ Kh8 20. Ne6 Qe8 21. Nxf8 Qxf8 22. c3 Ne5 23. Qg5 Bh6 24. Qg3 Qf6 25. Kf1 Rg8 26. Qh3 Rf8 27. Re2 Nxc4 28. Rd1 Ne3+ 29. Ke1 Nxd1 30. Kxd1 Nc6 31. Qd7 Ne5 32. Qxb7 Qg5 33. f4 Qxf4 34. Kc2 Qc1+ 35. Kb3 Qd1+ 36. Rc2 c4+ 37. Ka3 Qxc2 38. Bh3 Qb3+ 39. Qxb3 cxb3 40. Kxb3 Rb8+ 41. Kc2 Nc4 42. b3 Ne5 43. Bf5 Kg7 44. b4 Kf6 45. Kb3 d5 46. a5 a6 47. Kc2 Rg8 48. Bh7 Rg2+ 49. Kb3 dxe4 50. Bxe4 Rg7 51. Bd5 Rc7 52. c4 Ke7 53. b5 Kd6 54. b6 Rc8 55. Bb7 Rb8 56. Bxa6 Kc5 57. Bb5 Nc6 58. Ka4 Ra8 59. b7 Rxa5+ 60. Kb3 Rxb5+ 61. cxb5 Kxb5 62. b8Q+ Nxb8 63. Kc2 Kc5 64. Kd3 Kd5 65. Ke2 Ke5 66. Kf3 Kf5 67. Kg3 Kg5 68. Kf3 Kxh5 69. Ke4 Kg5 70. Kd5 Nd7 71. Kd6 Nf6 72. Ke6 Kg6 73. Kd6 Bf8+ 74. Ke6 Kg7 75. Ke5 Kf7 76. Kf5 Be7 77. Ke5 Nd7+ 78. Kd5 Kf6 79. Ke4 Ke6 80. Kd4 Bd6 81. Ke4 Nf6+ 82. Kd4 Be5+ 83. Kc4 Kd6 84. Kd3 Kd5 85. Ke3 Bb2 86. Kf4 Ke6 87. Ke3 Kf5 88. Kd3 Be5 89. Ke3 Ng4+ 90. Kf3 Bf4 91. Kg2 Ke4 92. Kh3 Kf3 93. Kh4 Bc1 94. Kh5 Kf4 95. Kg6 Ke4 96. Kf7 Ne5+ 97. Ke6 Nc4 98. Kd7 Nd2 99. Kc6 Kd3 100. Kb5 Kc2 101. Kc5 Kb2 102. Kd5 Kb1 103. Ke5 Bb2+ 104. Kd5 Kc1 105. Kc5 Kd1 106. Kd5 Bc1 107. Kc5 Nb1 108. Kd5 Kd2 109. Kc5 Kd1 110. Kd5 Kd2 111. Kc5 Kd1 1/2-1/2

[Event "Titled Tuesday intern op 17th Jan Late"]
[Site "Chess.com INT"]
[Date "2023.01.17"]
[Round "5"]
[White "Pakleza, Zbigniew"]
[Black "Andreev, Eduard"]
[Result "1-0"]
[WhiteElo "2496"]
[BlackElo "2413"]
[PlyCount "75"]
[EventDate "2023.01.17"]
[EventType "swiss (blitz)"]
[EventRounds "11"]
[EventCountry "USA"]
[SourceTitle "CBM 212 Extra"]
[Source "ChessBase"]
[SourceDate "2023.03.31"]
[SourceVersion "1"]
[SourceVersionDate "2023.03.31"]
[SourceQuality "1"]

1. d4 Nf6 2. Nf3 g6 3. Bf4 Bg7 4. e3 0-0 5. Be2 d6 6. h3 Nbd7 7. 0-0 b6 8. c3 Bb7 9. Nbd2 c5 10. a4 a6 11. Bh2 Ra7 12. Bd3 Qa8 13. Qe2 Ne4 14. Nc4 b5 15. Na3 b4 16. cxb4 cxb4 17. Nc4 a5 18. Rfc1 Rc8 19. Ne1 f5 20. f3 Nef6 21. Nd2 Bh6 22. Kh1 Nb6 23. Nc4 Nxc4 24. Bxc4+ Kf8 25. Nd3 Nd5 26. Bg1 Ba6 27. Bxa6 Rxa6 28. Rxc8+ Qxc8 29. e4 fxe4 30. fxe4 Nf6 31. e5 dxe5 32. dxe5 Nh5 33. Bh2 Kg8 34. Rf1 Qe6 35. Nc5 Qa2 36. Qxa6 Bg5 37. Qc8+ Kg7 38. Qf8# 1-0

[Event "Titled Tuesday intern op 17th Jan Late"]
[Site "Chess.com INT"]
[Date "2023.01.17"]
[Round "3"]
[White "Vega Gutierrez, Sabrina Neide"]
[Black "Andreev, Eduard"]
[Result "0-1"]
[WhiteElo "2361"]
[BlackElo "2413"]
[PlyCount "82"]
[EventDate "2023.01.17"]
[EventType "swiss (blitz)"]
[EventRounds "11"]
[EventCountry "USA"]
[SourceTitle "CBM 212 Extra"]
[Source "ChessBase"]
[SourceDate "2023.03.31"]
[SourceVersion "1"]
[SourceVersionDate "2023.03.31"]
[SourceQuality "1"]

1. e4 c5 2. Nf3 d6 3. d4 cxd4 4. Qxd4 Nc6 5. Bb5 Bd7 6. Bxc6 Bxc6 7. Nc3 e5 8. Qd3 h6 9. 0-0 Nf6 10. Rd1 Be7 11. Nd2 d5 12. exd5 Nxd5 13. Nxd5 Qxd5 14. Qxd5 Bxd5 15. c4 Bc6 16. Nb3 0-0 17. Na5 Be4 18. Be3 b6 19. Rd7 Rfe8 20. Nb3 f5 21. f3 Bc6 22. Rc7 Ba4 23. c5 Bd8 24. cxb6 axb6 25. Rc3 Bf6 26. Rac1 e4 27. Bd4 Bg5 28. Be3 f4 29. Bxb6 exf3 30. gxf3 Re2 31. R1c2 Rae8 32. Rxe2 Rxe2 33. Nd4 Rxb2 34. Bc7 Bf6 35. Rd3 g5 36. Nf5 Bc2 37. Ra3 Bxf5 38. Ra8+ Kg7 39. Ra7 Kg6 40. Ra6 Kg7 41. Ra7 Bd4+ 0-1

[Event "Titled Tuesday intern op 10th Jan Late"]
[Site "Chess.com INT"]
[Date "2023.01.10"]
[Round "10"]
[White "Andreev, Eduard"]
[Black "Domingo Nunez, Ruben"]
[Result "0-1"]
[WhiteElo "2413"]
[BlackElo "2380"]
[PlyCount "96"]
[EventDate "2023.01.10"]
[EventType "swiss (blitz)"]
[EventRounds "11"]
[EventCountry "USA"]
[SourceTitle "EXT 2024"]
[Source "ChessBase"]
[SourceDate "2023.10.10"]
[SourceVersion "1"]
[SourceVersionDate "2023.10.10"]
[SourceQuality "1"]

1. e4 g6 2. d4 Bg7 3. Nc3 c6 4. f4 d5 5. e5 f6 6. Nf3 Nh6 7. Be3 0-0 8. Qd2 Bg4 9. Be2 Nf5 10. Bf2 Bxf3 11. Bxf3 fxe5 12. dxe5 e6 13. 0-0-0 Nd7 14. Kb1 Qe7 15. h4 Bh6 16. h5 g5 17. g4 Ng7 18. Ne2 Nxe5 19. fxe5 Rxf3 20. Be3 Raf8 21. Bxa7 Ne8 22. Nc1 Nc7 23. Nd3 Nb5 24. Bc5 Qg7 25. Bxf8 Qxf8 26. Qg2 Nd4 27. Rhf1 Rxf1 28. Rxf1 Qe7 29. Qf2 Nb5 30. Qf6 Bf8 31. a4 Nd4 32. Qf2 c5 33. Nc1 Nc6 34. Nd3 b6 35. Qe3 Bg7 36. h6 Bxh6 37. b4 Bf8 38. bxc5 bxc5 39. Nb2 c4 40. Qc3 Qb7 41. Re1 Bb4 42. Qg3 Bxe1 43. Qxe1 d4 44. Kc1 c3 45. Nd3 Nb4 46. Qe2 Na2+ 47. Kd1 Qb1+ 48. Nc1 Qxc1# 0-1

[Event "Titled Tuesday intern op 10th Jan Late"]
[Site "Chess.com INT"]
[Date "2023.01.10"]
[Round "7"]
[White "Andreev, Eduard"]
[Black "Goncalves, Davi Sulzbacher"]
[Result "1/2-1/2"]
[WhiteElo "2413"]
[BlackElo "2282"]
[PlyCount "204"]
[EventDate "2023.01.10"]
[EventType "swiss (blitz)"]
[EventRounds "11"]
[EventCountry "USA"]
[SourceTitle "EXT 2024"]
[Source "ChessBase"]
[SourceDate "2023.10.10"]
[SourceVersion "1"]
[SourceVersionDate "2023.10.10"]
[SourceQuality "1"]

1. e4 c5 2. Nf3 Nc6 3. Bb5 g6 4. Bxc6 dxc6 5. d3 Bg7 6. h3 Nf6 7. Nc3 e5 8. Nxe5 Nxe4 9. Nxe4 Bxe5 10. Bh6 f5 11. Ng5 Bd7 12. 0-0 Qf6 13. f4 Bxb2 14. Re1+ Kd8 15. Rb1 Kc7 16. Kh2 Rae8 17. Nf3 Bc3 18. Rxe8 Rxe8 19. Bg5 Qd6 20. Rb3 Bg7 21. Qd2 h6 22. Bh4 b6 23. Bg3 Be6 24. c4 Rd8 25. Qc2 Bf7 26. a4 a5 27. Ne5 Bxe5 28. fxe5 Qe6 29. Qb2 Rb8 30. Be1 Qd7 31. Rxb6 Rxb6 32. Bxa5 Qd4 33. Qxb6+ Kd7 34. Qc7+ Ke6 35. Qxc6+ Ke7 36. Qf6+ Ke8 37. Bd2 g5 38. Qh8+ Ke7 39. Qf6+ Ke8 40. Qxf5 Qd7 41. Qf6 Qe6 42. Qxe6+ Bxe6 43. Be3 Bf5 44. Bxc5 Bxd3 45. Bd6 Bxc4 46. Kg3 Kd7 47. Kg4 Ke6 48. Kh5 Bf1 49. Kxh6 Bxg2 50. Kxg5 Bxh3 51. Kf4 Bg2 52. Ke3 Kd5 53. Kf4 Bh3 54. Kg5 Bc8 55. Kf6 Bd7 56. a5 Bc8 57. Ke7 Kc6 58. Kd8 Bg4 59. Ke7 Kb7 60. Bc5 Ka8 61. Kd8 Bh3 62. Kc7 Bg4 63. Kd6 Bh3 64. Be3 Bg4 65. Kc5 Bh3 66. Kb6 Bg4 67. Kc7 Bh3 68. Kd8 Bg4 69. Ke7 Bh3 70. Kf6 Bg4 71. Kg5 Bh3 72. Kh4 Bc8 73. Kg3 Be6 74. Kf3 Bc8 75. Kf2 Be6 76. Ke1 Bc8 77. Kd2 Be6 78. Kc2 Bd7 79. Kc3 Be6 80. Kb4 Bd7 81. Kc5 Be6 82. Kd6 Bf5 83. Ke7 Bg4 84. Kf6 Bh3 85. a6 Bg4 86. Kg5 Be6 87. Kh6 Bd7 88. Kg7 Be6 89. Kf8 Bf5 90. Ke7 Bg4 91. Kd6 Bh3 92. Kc5 Bg4 93. Kb4 Bf5 94. Kc3 Be6 95. Kd4 Bd7 96. Ke4 Be6 97. Kf4 Bd7 98. Kg3 Bc8 99. Kh4 Bxa6 100. Kg5 Bc4 101. Kf6 Bb3 102. e6 Bxe6 1/2-1/2

[Event "Titled Tuesday intern op 10th Jan Early"]
[Site "Chess.com INT"]
[Date "2023.01.10"]
[Round "3"]
[White "Andreev, Eduard"]
[Black "Schut, Han"]
[Result "1-0"]
[WhiteElo "2413"]
[BlackElo "2101"]
[PlyCount "87"]
[EventDate "2023.01.10"]
[EventType "swiss (blitz)"]
[EventRounds "11"]
[EventCountry "USA"]
[SourceTitle "EXT 2024"]
[Source "ChessBase"]
[SourceDate "2023.10.10"]
[SourceVersion "1"]
[SourceVersionDate "2023.10.10"]
[SourceQuality "1"]

1. e4 c5 2. Nf3 d6 3. d4 cxd4 4. Nxd4 Nf6 5. Nc3 a6 6. f3 e5 7. Nb3 Be6 8. Be3 Be7 9. Qd2 Nbd7 10. g4 0-0 11. 0-0-0 b5 12. g5 b4 13. Ne2 Ne8 14. f4 a5 15. f5 Bxb3 16. cxb3 a4 17. Kb1 axb3 18. axb3 Qa5 19. Ng3 Qa2+ 20. Kc2 Rc8+ 21. Bc4 Qa6 22. Kb1 Rxc4 23. bxc4 b3 24. Qc3 Qa2+ 25. Kc1 Nc5 26. Bxc5 dxc5 27. h4 Nd6 28. Kd2 Rd8 29. Ke3 Qa6 30. Rc1 Nb7 31. Qxe5 Bd6 32. Qc3 Re8 33. Ne2 Be5 34. Qd3 Rd8 35. Qxb3 Bd4+ 36. Nxd4 cxd4+ 37. Kf3 Nc5 38. Qb5 Qa2 39. Ra1 Qb3+ 40. Qxb3 Nxb3 41. Rhd1 Nc5 42. Ra5 Nb3 43. Rd5 Rc8 44. R1xd4 1-0

[Event "Titled Tuesday intern op 10th Jan Late"]
[Site "Chess.com INT"]
[Date "2023.01.10"]
[Round "6"]
[White "Keymer, Vincent"]
[Black "Andreev, Eduard"]
[Result "1-0"]
[WhiteElo "2696"]
[BlackElo "2413"]
[PlyCount "75"]
[EventDate "2023.01.10"]
[EventType "swiss (blitz)"]
[EventRounds "11"]
[EventCountry "USA"]
[SourceTitle "EXT 2024"]
[Source "ChessBase"]
[SourceDate "2023.10.10"]
[SourceVersion "1"]
[SourceVersionDate "2023.10.10"]
[SourceQuality "1"]

1. a3 Nf6 2. Nf3 g6 3. d4 Bg7 4. c4 0-0 5. e3 c5 6. d5 e6 7. Nc3 exd5 8. cxd5 d6 9. h3 Re8 10. Bd3 a6 11. a4 Nbd7 12. 0-0 Rb8 13. a5 b5 14. axb6 Qxb6 15. Ra2 Bb7 16. e4 a5 17. Re1 Ba6 18. Bc2 c4 19. Be3 Qc7 20. Qa1 Ra8 21. Rxa5 Bb7 22. Rxa8 Rxa8 23. Qd1 Nc5 24. Bd4 Re8 25. Qd2 Qb6 26. Na4 Qc7 27. Nxc5 dxc5 28. Bc3 Bc8 29. e5 Nh5 30. g4 Qd7 31. e6 fxe6 32. gxh5 Bxc3 33. bxc3 exd5 34. Rxe8+ Qxe8 35. Qxd5+ Be6 36. Qe5 Qf7 37. Ng5 Qg7 38. Qxe6+ 1-0

[Event "Titled Tuesday intern op 10th Jan Late"]
[Site "Chess.com INT"]
[Date "2023.01.10"]
[Round "9"]
[White "Kobalia, Mihail"]
[Black "Andreev, Eduard"]
[Result "0-1"]
[WhiteElo "2577"]
[BlackElo "2413"]
[PlyCount "42"]
[EventDate "2023.01.10"]
[EventType "swiss (blitz)"]
[EventRounds "11"]
[EventCountry "USA"]
[SourceTitle "EXT 2024"]
[Source "ChessBase"]
[SourceDate "2023.10.10"]
[SourceVersion "1"]
[SourceVersionDate "2023.10.10"]
[SourceQuality "1"]

1. e4 c6 2. d4 d5 3. exd5 cxd5 4. Bd3 Nc6 5. c3 Qc7 6. Ne2 Bg4 7. 0-0 Nf6 8. Qe1 e6 9. Bf4 Bd6 10. Bxd6 Qxd6 11. Ng3 0-0 12. Nd2 Rab8 13. h3 Bh5 14. Nxh5 Nxh5 15. Nf3 b5 16. a3 Na5 17. Ne5 Nc4 18. Rb1 f6 19. Nf3 Nf4 20. Bc2 a5 21. Qd1 b4 0-1

[Event "Titled Tuesday intern op 10th Jan Late"]
[Site "Chess.com INT"]
[Date "2023.01.10"]
[Round "5"]
[White "Vasquez Schroder, Rodrigo Rafael"]
[Black "Andreev, Eduard"]
[Result "1/2-1/2"]
[WhiteElo "2491"]
[BlackElo "2413"]
[PlyCount "45"]
[EventDate "2023.01.10"]
[EventType "swiss (blitz)"]
[EventRounds "11"]
[EventCountry "USA"]
[SourceTitle "EXT 2024"]
[Source "ChessBase"]
[SourceDate "2023.10.10"]
[SourceVersion "1"]
[SourceVersionDate "2023.10.10"]
[SourceQuality "1"]

1. e4 c6 2. d4 d5 3. exd5 cxd5 4. c4 Nf6 5. Nc3 Nc6 6. Bg5 Ne4 7. cxd5 Nxc3 8. bxc3 Qxd5 9. Be3 e5 10. Nf3 Bg4 11. Be2 exd4 12. Nxd4 Bxe2 13. Qxe2 Qxg2 14. Bf4+ Be7 15. 0-0-0 Nxd4 16. cxd4 Rc8+ 17. Kb2 Qc6 18. Rhe1 Qc3+ 19. Kb1 Qb4+ 20. Ka1 Qc3+ 21. Kb1 Qb4+ 22. Ka1 Qc3+ 23. Kb1 1/2-1/2

[Event "Titled Tuesday intern op 03rd Jan Late"]
[Site "Chess.com INT"]
[Date "2023.01.03"]
[Round "2"]
[White "Andreev, Eduard"]
[Black "Fernandez Guillen, Ernesto J"]
[Result "0-1"]
[WhiteElo "2413"]
[BlackElo "2454"]
[PlyCount "76"]
[EventDate "2023.01.03"]
[EventType "swiss (blitz)"]
[EventRounds "11"]
[EventCountry "USA"]
[SourceTitle "EXT 2024"]
[Source "ChessBase"]
[SourceDate "2023.10.10"]
[SourceVersion "1"]
[SourceVersionDate "2023.10.10"]
[SourceQuality "1"]

1. Nf3 Nf6 2. g3 g6 3. Bg2 Bg7 4. d4 0-0 5. c4 d5 6. cxd5 Nxd5 7. 0-0 Nb6 8. e3 c6 9. Nc3 N8d7 10. Re1 e5 11. dxe5 Nxe5 12. Nxe5 Bxe5 13. e4 Nc4 14. Qc2 b5 15. Bh6 Re8 16. Red1 Qa5 17. Rac1 Bg4 18. Re1 Rad8 19. h3 Be6 20. Bg5 f6 21. Bf4 Bxf4 22. gxf4 Rd2 23. Qb1 Rxb2 24. Qa1 Rd8 25. e5 f5 26. Red1 Rxd1+ 27. Nxd1 Rxa2 28. Qd4 Qe1+ 29. Kh2 Rd2 30. Qa1 Bd5 31. Qc3 a5 32. e6 Bxg2 33. Kxg2 Qe4+ 34. Kg3 Rd3+ 35. Kh4 Rxc3 36. Rxc3 Qxe6 37. Ne3 Qf6+ 38. Kg3 Qxc3 0-1

[Event "Titled Tuesday intern op 03rd Jan Early"]
[Site "Chess.com INT"]
[Date "2023.01.03"]
[Round "9"]
[White "Andreev, Eduard"]
[Black "Krivonosov, Oleg"]
[Result "1/2-1/2"]
[WhiteElo "2413"]
[BlackElo "2364"]
[PlyCount "183"]
[EventDate "2023.01.03"]
[EventType "swiss (blitz)"]
[EventRounds "11"]
[EventCountry "USA"]
[SourceTitle "EXT 2024"]
[Source "ChessBase"]
[SourceDate "2023.10.10"]
[SourceVersion "1"]
[SourceVersionDate "2023.10.10"]
[SourceQuality "1"]

1. Nf3 d5 2. g3 Nf6 3. Bg2 e6 4. d4 Be7 5. c4 0-0 6. 0-0 Nbd7 7. Qc2 c6 8. Nc3 b6 9. e4 dxe4 10. Nxe4 Bb7 11. Rd1 Nxe4 12. Qxe4 Nf6 13. Qc2 Qc8 14. c5 Rd8 15. Bf4 Nd5 16. Bd2 h6 17. Ne5 Bf6 18. f4 Bxe5 19. dxe5 Ba6 20. Rac1 Be2 21. Re1 Bg4 22. Be4 Bf5 23. Bxf5 exf5 24. a3 Qe6 25. cxb6 Nxb6 26. Ba5 Rac8 27. Red1 Rd5 28. Bxb6 axb6 29. Rxd5 Qxd5 30. Rd1 Qf3 31. Rd6 g6 32. Qf2 Qxf2+ 33. Kxf2 b5 34. Ke3 c5 35. Rb6 b4 36. axb4 cxb4 37. Rxb4 Rc2 38. h4 Rg2 39. Kf3 Rc2 40. Rb6 h5 41. b4 Rc3+ 42. Kf2 Rb3 43. Rb7 Kf8 44. b5 Ke8 45. b6 Kf8 46. Ke2 Ke8 47. Kd2 Rxg3 48. Kc2 Kd8 49. Rxf7 Kc8 50. b7+ Kb8 51. e6 Re3 52. e7 Ka7 53. Kd2 Re4 54. Kd3 Re6 55. b8Q+ Kxb8 56. e8Q+ Rxe8 57. Rf6 Re4 58. Rxg6 Rxf4 59. Rg5 Rxh4 60. Rxf5 Kc7 61. Ke3 Kd6 62. Kf3 Ke6 63. Ra5 Kf6 64. Kg3 Rh1 65. Kg2 Rc1 66. Rxh5 Kg6 67. Rh3 Rc2+ 68. Kg3 Kg5 69. Rh8 Rc3+ 70. Kf2 Rc5 71. Rf8 Kg4 72. Rg8+ Kf4 73. Rf8+ Ke4 74. Re8+ Kf5 75. Rf8+ Ke6 76. Re8+ Kf7 77. Re3 Rc2+ 78. Kf3 Rc1 79. Ke4 Ke6 80. Ra3 Re1+ 81. Kd3 Rh1 82. Ra6+ Kd5 83. Ra5+ Kc6 84. Ra6+ Kb5 85. Rg6 Rh3+ 86. Ke4 Rh4+ 87. Kf3 Rh3+ 88. Kg4 Rc3 89. Rg5+ Kb4 90. Rf5 Rc4+ 91. Rf4 Rxf4+ 92. Kxf4 1/2-1/2